| 000 | 03761nam a2200301 4500 | ||
|---|---|---|---|
| 001 | 226 | ||
| 003 | OSt | ||
| 005 | 20250328094003.0 | ||
| 008 | 250204b |||||||g |||| 00| e eng d | ||
| 020 | _a851064211 | ||
| 040 | _bpor | ||
| 041 |
_hita _apor |
||
| 082 |
_a370 _bE19s |
||
| 100 | 1 |
_aEco, Umberto, _d1932-2016 _9409 |
|
| 240 | _aSulla letteratura | ||
| 245 |
_aSobre a Literatura / _cEco, Umberto ; Tradução de Eliana Aguiar |
||
| 250 | _a2° edição | ||
| 260 |
_aRio de Janeiro _bRecord _c2003 |
||
| 300 | _a305 p. | ||
| 520 | _a"A leitura de obras literárias nos obriga a um exercício de fidelidade e de respeito na liberdade da interpretação. Há uma perigosa heresia crítica, típica de nossos dias, para a qual de uma obra literária pode-se fazer o que se queira, nelas lendo aquilo que nossos mais incontroláveis impulsos nos sugerirem. Não é verdade. As obras literárias nos convidam à liberdade da interpretação, pois propõem um discurso com muitos planos de leitura e nos colocam diante das ambigüidades, da linguagem e da vida." Umberto Eco SOBRE A LITERATURA é uma coletânea para estudiosos, críticos e amantes da literatura. Aqui, vemos um Eco distinto: conferencista brilhante, contador de anedotas, interlocutor espirituoso e amante dos livros. A obra reúne uma série de escritos centrados no problema da literatura e estimulados por encontros, simpósios, congressos ou antologias para os quais o autor foi convidado. "Todos os escritos foram adaptados para este livro, às vezes, abreviados, às vezes ampliados, outras ainda desembaraçados de referências demasiado ligadas à situação", explica Umberto Eco. Nos riquíssimos textos de SOBRE A LITERATURA, Umberto Eco - o mais importante intelectual italiano deste século - ensina a ler e compreender grandes mestres da literatura. De Aristóteles a Borges, passando pela fina ironia de Oscar Wilde, Eco revela bastidores de grandes clássicos literários. "Uma abordagem transversal do campo literário, visceralmente contrária ao seqüestro do texto ou à leitura quebrada, em favor de uma falsa ou irresponsável abertura", conta Marco Lucchesi, escritor e um dos melhores tradutores de Eco do país. Eco analisa de modo detalhado todos os elementos de cada história. Alguns textos são autobiográficos ou até mesmo autocríticos: "por vezes é necessário, para explicar o que se entende por literatura, recorrer também às próprias experiências", argumenta o autor. SOBREA A LITERATURA trata das atividades de escritor detalhadas por um Eco escritor e não pela sua faceta de teórico. "Não me agrada, em geral, a mistura dos dois papéis", diz. O leitor poderá notar, ainda, o retorno, em escritos diversos, e talvez com uma distância de anos, de um exemplo ou tema. "Como em O pêndulo de Foucault, este livro cresce numa espiral temática, marcada por uma tensão de distância e proximidade, ressonância e dissonância", explica Marco Lucchesi, que assina a orelha de SOBRE A LITERATURA. Umberto Eco nasceu em Alexandria, Itália, em 1932. É professor de Semiologia na Universidade de Bolonha e dirige a revista VS. Entre suas obras ensaísticas destacam-se: Obra aberta, Diário mínimo, A estrutura ausente, Tratado geral de semiótica, Seis passeios pelo bosque da ficção, Segundo diário mínimo, Kant e o ornitorrinco, Cinco escritos morais e Em que crêem os que não crêem. Como romancista Eco publicou O nome da rosa, O pêndulo de Foucault, A ilha do dia anterior e Baudolino. | ||
| 650 | 0 |
_aLiteratura italiana _9164 |
|
| 650 | 0 |
_aTeoria _96 |
|
| 650 | 0 |
_aEscrita _9418 |
|
| 650 | 0 |
_aEducação _920 |
|
| 655 | 0 |
_aEnsaio _9417 |
|
| 700 |
_aEliana Aguiar _eTradutor _9412 |
||
| 942 |
_2ddc _n0 _cBK |
||
| 999 |
_c226 _d226 |
||